STUDENTS GUIDE TO COMPANY LAW (Record no. 2625)

MARC details
000 -LEADER
fixed length control field 00358nam a2200145Ia 4500
008 - FIXED-LENGTH DATA ELEMENTS--GENERAL INFORMATION
fixed length control field 240624s9999 xx 000 0 und d
041 ## - LANGUAGE CODE
Language code of text/sound track or separate title eng
082 ## - DEWEY DECIMAL CLASSIFICATION NUMBER
Classification number 346.066 MAJ
100 ## - MAIN ENTRY--PERSONAL NAME
Personal name MAJUMDAR A K
245 ## - TITLE STATEMENT
Title STUDENTS GUIDE TO COMPANY LAW
250 ## - EDITION STATEMENT
Edition statement (9th ed.)
260 ## - PUBLICATION, DISTRIBUTION, ETC.
Date of publication, distribution, etc. 2005
Place of publication, distribution, etc. New Delhi
Name of publisher, distributor, etc. Taxman
300 ## - PHYSICAL DESCRIPTION
Extent xxiv, : 641 : p. : cm. ; 24
365 ## - TRADE PRICE
Currency code RS
Holdings
Withdrawn status Lost status Damaged status Not for loan Home library Current library Shelving location Date acquired Source of acquisition Cost, normal purchase price Full call number Barcode Date last seen Copy number Price effective from Koha item type
        IMTN IMTN Rack 13-B 09/06/2005 TPPL 200.00 346.066 MAJ 2625 06/24/2024 1 06/24/2024 Books
Designed & Maintained by: LRC IMT Nagpur Contact: lrc@imtnag.ac.in© 2024. All Rights Reserved.